| 000 | 00535nam a2200181Ia 4500 | ||
|---|---|---|---|
| 008 | 131103s9999 xx 000 0 und d | ||
| 040 | _aLoreto College | ||
| 041 | _aEnglish | ||
| 082 |
_a891.7/DOS/891.7/DOS _b#NAME? |
||
| 100 | _aSimmons,Ernest T. | ||
| 245 |
_aDostoevsky _b the making of a novelist _cErnest T.Simmons |
||
| 260 |
_aNew York _bVintage Books _c1940 |
||
| 300 |
_axix,395 p. _c 18 cm. |
||
| 504 | _aIncludes bibliographical references and index | ||
| 650 | _aRussian Literature | ||
| 850 | _aLCLIB | ||
| 942 | _cBK | ||
| 999 |
_c13583 _d64062 |
||